000 00502nam a2200193Ia 4500
005 20250923144827.0
008 008 250917s9999 xx 000 0 eng d
037 _aTextual
040 _aDSWL
_beng
_cDSWL
041 _aeng
_2eng
084 _qDSWL
245 0 _aCensus of the India paper no. 3, 1960 growing on between 1901-1951
260 _aDelhi
_bManagerof Publication
_c1960
300 _av,278p.
365 _aINR
_b7
925 _g7
942 _cTEXL
999 _c1443844
_d1443844